ARRUPE JESUIT UNIVERSITY

CORONAVIRUS -STOP THE SPREAD - CLEAN,DISINFECT,COVER

Probabilistic reasoning in expert systems : (Record no. 130771)

MARC details
000 -LEADER
fixed length control field 00881cam a2200277 a 4500
001 - CONTROL NUMBER
control field 4344260
003 - CONTROL NUMBER IDENTIFIER
control field ARRUPE
005 - DATE AND TIME OF LATEST TRANSACTION
control field 20211013111351.0
008 - FIXED-LENGTH DATA ELEMENTS--GENERAL INFORMATION
fixed length control field 890613s1990 nyua b 001 0 eng
010 ## - LIBRARY OF CONGRESS CONTROL NUMBER
LC control number 89016423
020 ## - INTERNATIONAL STANDARD BOOK NUMBER
International Standard Book Number 0471618403
040 ## - CATALOGING SOURCE
Original cataloging agency DLC
Transcribing agency DLC
Modifying agency DLC
050 00 - LIBRARY OF CONGRESS CALL NUMBER
Classification number QA76.76.E95
Item number N43 1990
082 00 - DEWEY DECIMAL CLASSIFICATION NUMBER
Classification number 006.3/3
Edition number 19
300 ## - PHYSICAL DESCRIPTION
Other physical details ill. ;
Dimensions 24 cm.
100 1# - MAIN ENTRY--PERSONAL NAME
Personal name Neapolitan, Richard E.
9 (RLIN) 50401
245 10 - TITLE STATEMENT
Title Probabilistic reasoning in expert systems :
Remainder of title theory and algorithms /
Statement of responsibility, etc Richard E. Neapolitan.
260 ## - PUBLICATION, DISTRIBUTION, ETC. (IMPRINT)
Place of publication, distribution, etc New York :
Name of publisher, distributor, etc Wiley,
Date of publication, distribution, etc c1990.
300 ## - PHYSICAL DESCRIPTION
Extent xiii, 433 p. :
500 ## - GENERAL NOTE
General note "A Wiley-Interscience publication."
500 ## - GENERAL NOTE
General note Includes index.
504 ## - BIBLIOGRAPHY, ETC. NOTE
Bibliography, etc Bibliography: p. 421-428.
650 #0 - SUBJECT ADDED ENTRY--TOPICAL TERM
Topical term or geographic name as entry element Expert systems (Computer science)
9 (RLIN) 245
650 #0 - SUBJECT ADDED ENTRY--TOPICAL TERM
Topical term or geographic name as entry element Probabilities.
9 (RLIN) 2769
906 ## - LOCAL DATA ELEMENT F, LDF (RLIN)
a 7
b cbc
c orignew
d 1
e ocip
f 19
g y-gencatlg
942 ## - ADDED ENTRY ELEMENTS (KOHA)
Source of classification or shelving scheme Library of Congress Classification
Koha item type Monograph ( Printed materials)
Holdings
Withdrawn status Lost status Source of classification or shelving scheme Damaged status Not for loan Collection code Home library Current library Shelving location Date acquired Total Checkouts Full call number Barcode Date last seen Price effective from Koha item type
    Library of Congress Classification     Main Collection ARRUPE LIBRARY ARRUPE LIBRARY Main Collection 13/10/2021   QA76.76.E95 N43 1990 46600007425 13/10/2021 13/10/2021 Monograph ( Printed materials)

 

Arrupe Library. PO Box MP320 Mt Pleasant, Harare, Zimbabwe
263 242 745411|librarian@aju.ac.zw